| 000 | 01004 a2200229 4500 | ||
|---|---|---|---|
| 005 | 20260130091722.0 | ||
| 008 | 260130b |||||||| |||| 00| 0 eng d | ||
| 020 | _a9788119989188 (hbk) | ||
| 037 | _cTB | ||
| 040 |
_aCRL _cCRL |
||
| 041 |
_2hin _ahin |
||
| 084 |
_a4:(P152) 152R4 _qAL |
||
| 100 |
_aपाण्डे, मृणाल _9860794 |
||
| 245 |
_aहिन्दी पत्रकारिता : _bएक यात्रा |
||
| 260 |
_aदिल्ली, भारत: _bराधाकृष्ण प्रकाशन, _c2024. |
||
| 300 | _a223पृ. | ||
| 650 |
_aपत्रकारिता _91112847 |
||
| 650 |
_aहिन्दी _91112848 |
||
| 700 |
_aरंजन, हर्ष _eअनुवादक _91112849 |
||
| 942 |
_cTB _2CC _n0 _h4:(P152) 152R4 |
||
| 999 |
_c1466738 _d1466738 |
||